000 01366nam a22003737a 4500
003 CHAP
005 20220817043710.0
008 000829d1999 it rn 00110 spa d
010 _a82107
011 _a83079
020 _a9251043590
035 _a93587
040 _cCHAP
082 0 4 _a631.4
_bF33 v.86
110 2 _aFAO
245 1 0 _aPrevention of land degradation, enhancement of carbon sequestration and conservation of biodiversity through land use change and sustainable land management with a focus on latin america and the caribbean
_c/by FAO
260 _aRome :
_bFAO,
_c1999.
300 _a115 p. :
490 0 _aFAO. Informes sobre recursos mundiales de suelos
_v; 86
590 _aBATCH-UPD
_b10
_c20130110
_lUCH01
_h1008
590 _aBATCH-UPD
_b10
_c20130410
_lUCH01
_h0617
590 _aBATCH-UPD
_b10
_c20130913
_lUCH01
_h2221
590 _aCONVERSION
_b10
_c20130109
_lUCH01
_h1346
650 1 4 _aAgricultura sustentable.
650 1 4 _aSuelos
_xCarbón en.
_9110233
650 1 4 _aSuelos
_xConservación
_xAmérica Latina.
_9110285
650 1 4 _aSuelos
_xDegradación.
_9110336
650 1 4 _aTierras
_xUtilización.
_9113219
830 0 _aFAO. Informes sobre recursos mundiales de suelos
_v; 86
_939597
901 _aBK
905 _aPatricia Mendoza P.
942 _cLIBRO
949 _a631.4 F33 v.86
_bBC
_cC
_d33724000786034
_eC
_h98352
_i93587
_sb
999 _c82107
_d82107